000
00293nam a22001337a 4500
003
SGT
082
_a
615.53
_b
S13V
100
_a
VIDYASAGAR, PARASURAMA
245
_a
THA SARNGADHARA-SAMHITA
260
_a
VARANASI
_b
CHAUKHAMBHA PUB
_c
2013
300
_a
398
650
_a
SAMHITA
942
_2
ddc
_c
BK
999
_c
8599
_d
8599